Skład reprezentacji Polski w meczu Anglia-Polska na mapie - Statystyki

Ogólne statystyki
  • Ten quiz został rozwiązany 878 razy
  • Średni wynik to 8 z 11
Odpowiedzi na mapie
Odpowiedzi zakodowano w zielono-czerwonej skali na mapie do tego quizu, zgodnie z poniższymi procentami.
 
Statystyki odpowiedzi
Nr Piłkarz % Poprawnych
1 Wojciech Szczęsny
98%
15 Kamil Glik
93%
20 Piotr Zieliński
85%
10 Grzegorz Krychowiak
84%
5 Jakub Bednarek
83%
23 Krzysztof Piątek
82%
9 Karol Świderski
70%
18 Bartosz Bereszyński
61%
16 Jakub Moder
61%
13 Maciej Rybus
50%
14 Michał Helik
30%
Nie znaleziono quizów pasujących do podanych kryteriów
Rozkład punktacji
Procent ludzi z każdym wynikiem
Percentyl według liczby udzielonych odpowiedzi
Twoja historia wyników
Nie rozwiązałeś tego quizu